Most Spoken Languages of Germany - Statistics

General Stats
  • This quiz has been taken 96 times
  • The average score is 13 of 16
Answer Stats
# Language % Correct
67m German
100%
0.98m Polish
97%
1.4m Arabic
92%
1.9m Russian
92%
2.2m Turkish
92%
0.48m Italian
91%
0.24m English
89%
0.35m Spanish
86%
0.75m Romanian
82%
0.89m Serbo-Croatian
78%
0.71m Ukrainian
78%
0.31m Greek
77%
0.23m Bulgarian
73%
0.43m Persian
69%
0.6m Albanian
58%
0.58m Kurdish
34%
No matching quizzes found
Score Distribution
Percent of People with Each Score
Percentile by Number Answered
Your Score History
You have not taken this quiz